000 00410nam a2200157Ia 4500
001 15961
003 IN-NITTTR
005 20251114233150.0
008 251113s9999||||xx |||||||||||||| ||eng||
040 _beng
040 _cIN-NITTTR
041 _aeng
082 _a378.17 P43
245 0 _aPerspectives on academic gaming and simulation 6 :
_b simulation and games, the real and the ideal /
942 _2ddc
_cBK
999 _c18595
_d18595